A shaper of gigawatt nanosecond microwave pulses with time domain compression of magnetron radiation energy; Instruments and Experimental Techniques; Vol. 43, iss. 3
| Parent link: | Instruments and Experimental Techniques Vol. 43, iss. 3.— 2000.— [P. 363-365] |
|---|---|
| Glavni avtor: | |
| Drugi avtorji: | |
| Izvleček: | Title screen For boosting the peak power of microwave radiaton pulses emitted by a mass-produced magnetron, a two-stage series-resonance microwave pulse compression system is connected to its output. The magnetron generated pulses with a power of up to 2.5 MW, a length of 3 µs, and a repetition rate of up to 400 Hz. After the first compression stage, microwave pulses with a peak power of 150 MW and a length of 11 ns at a 3-dB level were obtained; after the second stage, these parameters were 1 GW and ~1 ns. Режим доступа: по договору с организацией-держателем ресурса |
| Jezik: | angleščina |
| Izdano: |
2000
|
| Teme: | |
| Online dostop: | http://dx.doi.org/10.1007/BF02759036 |
| Format: | Elektronski Book Chapter |
| KOHA link: | https://koha.lib.tpu.ru/cgi-bin/koha/opac-detail.pl?biblionumber=656053 |
MARC
| LEADER | 00000naa0a2200000 4500 | ||
|---|---|---|---|
| 001 | 656053 | ||
| 005 | 20250401155900.0 | ||
| 035 | |a (RuTPU)RU\TPU\network\22398 | ||
| 035 | |a RU\TPU\network\22393 | ||
| 090 | |a 656053 | ||
| 100 | |a 20171019d2000 k||y0rusy50 ba | ||
| 101 | 0 | |a eng | |
| 102 | |a US | ||
| 135 | |a drcn ---uucaa | ||
| 181 | 0 | |a i | |
| 182 | 0 | |a b | |
| 200 | 1 | |a A shaper of gigawatt nanosecond microwave pulses with time domain compression of magnetron radiation energy |f P. Yu. Chumerin, Y. G. Yushkov | |
| 203 | |a Text |c electronic | ||
| 300 | |a Title screen | ||
| 320 | |a [References: p. 365 (5 tit.)] | ||
| 330 | |a For boosting the peak power of microwave radiaton pulses emitted by a mass-produced magnetron, a two-stage series-resonance microwave pulse compression system is connected to its output. The magnetron generated pulses with a power of up to 2.5 MW, a length of 3 µs, and a repetition rate of up to 400 Hz. After the first compression stage, microwave pulses with a peak power of 150 MW and a length of 11 ns at a 3-dB level were obtained; after the second stage, these parameters were 1 GW and ~1 ns. | ||
| 333 | |a Режим доступа: по договору с организацией-держателем ресурса | ||
| 461 | |t Instruments and Experimental Techniques | ||
| 463 | |t Vol. 43, iss. 3 |v [P. 363-365] |d 2000 | ||
| 610 | 1 | |a электронный ресурс | |
| 610 | 1 | |a труды учёных ТПУ | |
| 610 | 1 | |a СВЧ-импульсы | |
| 610 | 1 | |a компрессия | |
| 610 | 1 | |a излучение | |
| 610 | 1 | |a магнетроны | |
| 700 | 1 | |a Chumerin |b P. Yu. |c physicist |c Senior researcher of Tomsk Polytechnic University, Doctor of physical and mathematical science |f 1958- |g Pavel Yurievich |3 (RuTPU)RU\TPU\pers\32716 | |
| 701 | 1 | |a Yushkov |b Y. G. |c electrophysicist |c Professor of Tomsk Polytechnic University, Doctor of technical sciences |f 1937- |g Yuri Georgievich |3 (RuTPU)RU\TPU\pers\25936 | |
| 801 | 2 | |a RU |b 63413507 |c 20171019 |g RCR | |
| 856 | 4 | |u http://dx.doi.org/10.1007/BF02759036 | |
| 942 | |c CF | ||